000
00344 a2200157 4500
001
63935
020
_a
8571131880 (broch.)
040
_c
Anchieta - Pituba
100
_a
Orlandi, Eni Puccinelli
240
1
0
_a
Interpretação
_l
por
245
1
0
_a
Interpretação
300
_a
156p.
362
0
_a
2004
650
4
_a
Semântica
942
_c
BK
999
_c
63935
_d
63935